| 000 | 00433cam a22001574a 4500 | ||
|---|---|---|---|
| 020 | _a0821344048 | ||
| 040 | _cDLC | ||
| 082 | 0 | 0 | _a338 WOR 1999 A064 Or. |
| 245 | 0 | 0 |
_aEconomic growth with equity : _bUkrainian perspectives / |
| 260 |
_aWashington : _bWorld Bank, _cc1999. |
||
| 300 |
_axiv, 169 p. : _bill. ; _c28 cm. |
||
| 490 | 1 | _aWorld Bank discussion paper ; | |
| 700 | 1 | _aHansen, John R. | |
| 710 | 2 | _aWorld Bank. | |
| 942 | _cEK | ||
| 999 |
_c13896 _d13896 |
||